000 01563cam a22003618i 4500
001 23236806
003 OSt
005 20250609154910.0
006 m |o d |
007 cr_|||||||||||
008 230720s2023 nyu o 001 0 eng
010 _a 2023024484
020 _a9789390185832
040 _aDLC
_beng
_cDLC
_erda
042 _apcc
050 0 0 _aHF5718
082 0 0 _a658.45
_bREN/B
100 1 _aRentz, Kathryn,
_eauthor.
245 1 0 _aBusiness communication :
_ba problem-solving approach /
_cKathryn Rentz, University of Cincinnati, Paula Lentz, University of Wisconsin-Eau Claire, Kristen Getchell, Babson College.
264 1 _aIndia :
_bMcGraw Hill LLC,
_c[2020]
300 _aMulti pagination
336 _atext
_btxt
_2rdacontent
337 _acomputer
_bc
_2rdamedia
338 _aonline resource
_bcr
_2rdacarrier
500 _aIncludes index.
520 _a"The goal is to coax students out of their comfort zones into a problem solving mindset while giving them the tools they need to make good communication decisions"--
_cProvided by publisher.
588 _aDescription based on print version record and CIP data provided by publisher; resource not viewed.
650 0 _aBusiness communication.
700 1 _aLentz, Paula,
_eauthor.
700 1 _aGetchell, Kristen M.,
_eauthor.
776 0 8 _iPrint version:
_aRentz, Kathryn.
_tBusiness communication
_bThird edition.
_dNew York, NY : McGraw Hill LLC, [2024]
_z9781266678509
_w(DLC) 2023024483
942 _2ddc
_cBK
_h658.45
_iREN/B
_k658.45
_mREN/B
999 _c44456
_d44456